Classement des groupes hôteliers par hôtels dans le monde - Statistiques

Statistiques générales
  • Ce quiz a été pris 34 fois
  • Le résultat moyen est 3 sur 10
Statistiques - réponses
Nombre d'hôtels Pays Réponse % Correct
5928 France Accor
81%
6777 Etats-Unis Hilton Worldwide
75%
7897 Etats-Unis Marriott International
53%
5991 Royaume-Uni IHG Hotels & Resorts
19%
17605 Inde Oyo
9%
11716 Chine Jin Jang
6%
5624 Chine BTH Hotels
3%
7030 Etats-Unis Choice Hotels
3%
7679 Chine Huazhu
3%
8950 Etats-Unis Wyndham Hotels & Resorts
3%
Aucun quiz correspondant
Distribution des résultats
% des personnes avec chaque résultat
Percentile par nombre de réponses
Votre historique - résultats
Vous n’avez pas pris ce quiz